Me & Jack / (Record no. 359)
[ view plain ]
| 000 -LEADER | |
|---|---|
| fixed length control field | 01224nam a22003377a 4500 |
| 001 - CONTROL NUMBER | |
| control field | 359 |
| 003 - CONTROL NUMBER IDENTIFIER | |
| control field | FISKH |
| 005 - DATE AND TIME OF LATEST TRANSACTION | |
| control field | 20231122075200.0 |
| 008 - FIXED-LENGTH DATA ELEMENTS--GENERAL INFORMATION | |
| fixed length control field | 230329b cb ||||| |||| 00| 0 eng d |
| 020 ## - INTERNATIONAL STANDARD BOOK NUMBER | |
| International Standard Book Number | 9780545436441 |
| 020 ## - INTERNATIONAL STANDARD BOOK NUMBER | |
| International Standard Book Number | 9781338030686 |
| 040 ## - CATALOGING SOURCE | |
| Original cataloging agency | DLC |
| Transcribing agency | DLC |
| Modifying agency | DLC |
| -- | FISKH |
| Language of cataloging | eng |
| 042 ## - AUTHENTICATION CODE | |
| Authentication code | lcac |
| 050 00 - LIBRARY OF CONGRESS CALL NUMBER | |
| Classification number | PZ7.H31365 |
| Item number | Me 2011 |
| 082 00 - DEWEY DECIMAL CLASSIFICATION NUMBER | |
| Classification number | 813.6 |
| Edition number | 22 |
| 100 1# - MAIN ENTRY--PERSONAL NAME | |
| Personal name | Haworth, Danette. |
| 245 10 - TITLE STATEMENT | |
| Title | Me & Jack / |
| Statement of responsibility, etc. | Danette Haworth. |
| 260 ## - PUBLICATION, DISTRIBUTION, ETC. | |
| Place of publication, distribution, etc. | New York : |
| Name of publisher, distributor, etc. | Walker, |
| Date of publication, distribution, etc. | 2011. |
| 300 ## - PHYSICAL DESCRIPTION | |
| Extent | 104 pages ; |
| Dimensions | 20 cm |
| 505 ## - FORMATTED CONTENTS NOTE | |
| Formatted contents note | N<br/> |
| 520 ## - SUMMARY, ETC. | |
| Summary, etc. | During the Vietnam War, when twelve-year-old Josh and his Air Force recruiter father move to a small town in the mountains of Pennsylvania and get a dog from the local shelter, Josh is forced to stop hanging back, and takes on the unfriendly town residents, a mountain, and the meanest boy in school. |
| 521 8# - TARGET AUDIENCE NOTE | |
| Target audience note | 550<br/> |
| Source | Lexile <br/> |
| 521 8# - TARGET AUDIENCE NOTE | |
| Target audience note | N<br/> |
| Source | Raz-Plus<br/> |
| 650 #1 - SUBJECT ADDED ENTRY--TOPICAL TERM | |
| Topical term or geographic name entry element | Dogs |
| Form subdivision | Fiction. |
| 650 #1 - SUBJECT ADDED ENTRY--TOPICAL TERM | |
| Topical term or geographic name entry element | Bullies and bullying |
| Form subdivision | Fiction. |
| 650 #1 - SUBJECT ADDED ENTRY--TOPICAL TERM | |
| Topical term or geographic name entry element | Country life |
| Geographic subdivision | Pennsylvania |
| Form subdivision | Fiction. |
| 650 #1 - SUBJECT ADDED ENTRY--TOPICAL TERM | |
| Topical term or geographic name entry element | Schools |
| Form subdivision | Fiction. |
| 651 #1 - SUBJECT ADDED ENTRY--GEOGRAPHIC NAME | |
| Geographic name | Pennsylvania |
| General subdivision | History |
| Chronological subdivision | 20th century |
| Form subdivision | Fiction. |
| 906 ## - LOCAL DATA ELEMENT F, LDF (RLIN) | |
| a | 7 |
| b | cbc |
| c | orignew |
| d | 1 |
| e | ecip |
| f | 20 |
| g | y-gencatlg |
| 942 ## - ADDED ENTRY ELEMENTS (KOHA) | |
| Source of classification or shelving scheme | Dewey Decimal Classification |
| Koha item type | Books |
| Suppress in OPAC | No |
| Withdrawn status | Lost status | Source of classification or shelving scheme | Damaged status | Not for loan | Collection | Home library | Current library | Shelving location | Date acquired | Total Checkouts | Full call number | Barcode | Date last seen | Date last checked out | Price effective from | Koha item type |
|---|---|---|---|---|---|---|---|---|---|---|---|---|---|---|---|---|
| Dewey Decimal Classification | Juvenile Fiction | Footprints International School Library Network Toul Kork Campus | Footprints International School Library Network Toul Kork Campus | TK Primary Library Room(4th Floor), Bookcase 3&4, Shelves 17-32, Yellow Books | 03/29/2023 | 1 | HAW 813.6 PZ7.H31365 | FISTK04945 | 10/26/2023 | 10/19/2023 | 03/29/2023 | Books |
